00494 2200193 4500245005700000020002200057250001100079100001800090700001600108700002000124650001700144005001900161260004100180041001400221084001300235300003200248336000900280338001100289 aDemonic Detective Neuro Vol. 11cMatsui, YuseihText a978-602-02-5126-4 aCet. 1 aMatsui, Yusei aNia Ikasary aJuan Hardrianus aKomik Jepang a20230131144148 aJakartabElex Media Komputindoc2014 aIndonesia a741.5592 a... jil. :bilus. ;c17 cm. atext avolume